| 000 | 00542nam a22001817a 4500 | ||
|---|---|---|---|
| 003 | CEME | ||
| 005 | 20210628205235.0 | ||
| 008 | 210222b xxu||||| |||| 00| 0 eng d | ||
| 020 | _a0-13-255381-3 | ||
| 040 | _c. | ||
| 082 | _a658.404 ANG'P | ||
| 100 |
_aAngus, Robert B Gunderson, N. A _974530 |
||
| 245 | _aPlanning performing and controlling projects principles and applications | ||
| 260 |
_aNEWJERSCY _bPRENTICE HALL _c1997 |
||
| 300 | _aXIV,232P | ||
| 650 |
_aSYSTEM ANALYSIS INDUSTRIAL PROJECT MANAGMENT _974531 |
||
| 942 |
_cBK _2ddc |
||
| 999 |
_c580049 _d580049 |
||